000 00337nam a22001217a 4500
020 _a1578702747
082 _222
_a005.44769
100 _aBookman, Charles.
245 _aLinux dustering building and maintaining linux clusters /
260 _aIndianapolis,
_bNew Riders,
_cc2003.
300 _axv, 265p. ;
_bill. ;
_c23 cm.
942 _2ddc
_cIT
999 _c1950
_d1950